Manchester United Squad 2023-24 - Statistics

General Stats
  • This quiz has been taken 40 times
  • The average score is 18 of 43
Answer Stats
N Player Nationality % Correct
8 Bruno Fernandes Portuguese
94%
5 Harry Maguire English
86%
10 Marcus Rashford English
83%
2 Victor Lindelof Swedish
83%
9 Anthony Martial French
80%
17 Alejandro Garnacho Argentinian
77%
49 Alejandro Garnacho Argentinian
77%
14 Christian Eriksen Danish
77%
20 Diogo Dalot Portuguese
77%
6 Lisandro Martínez Argetinian
77%
18 Casemiro Brazilian
71%
24 André Onana Cameroonian
66%
7 Mason Mount English
63%
21 Antony Brazilian
57%
35 Jonny Evans Northern Irish
57%
19 Raphael Varane French
57%
39 Scott McTominay Scottish
57%
23 Luke Shaw English
54%
4 Sofyan Amrabat Morocco
54%
29 Aaron Wan-Bissaka Congolese
51%
37 Kobbie Mainoo English
46%
12 Tyrell Malacia Dutch
46%
25 Jadon Sancho English
40%
16 Amad Diallo Ivorian
37%
34 Donny van de Beek Dutch
37%
46 Hannibal Mejbri Tunisian
31%
22 Tom Heaton English
29%
1 Altay Bayindir Turkish
26%
11 Rasmus Hojlund Danish
26%
42 Álvaro Fernandez Spanish
14%
15 Sergio Reguilón Spainish
14%
68 Maxi Oyedele Polish
3%
62 Omari Forson English
3%
53 Willy Kambwala French
3%
56 Charlie McNeill English
0%
28 Facundo Pellestri Uruguyan
0%
59 Isak Hansen-Aareen Norwegian
0%
52 Joe Hugill English
0%
61 Mateo Mejía Colombian
0%
57 Noam Emeran French
0%
43 Teden Mengi English
0%
65 Toby Collyer English
0%
36 Tom Huddlestone English
0%
No matching quizzes found
Score Distribution
Percent of People with Each Score
Percentile by Number Answered
Your Score History
You have not taken this quiz